[Event "U12 Polish Youth Championship"]
[Site "chess24.com"]
[Date "2018.04.29"]
[Round "1"]
[White "Chyzy, Jakub"]
[Black "Demski, Michal"]
[Result "1-0"]
[Board "1"]
[WhiteElo "2071"]
[WhiteCountry "POL"]
[WhiteFideId "21806209"]
[WhiteEloChange "2"]
[BlackElo "1538"]
[BlackCountry "POL"]
[BlackFideId "21835780"]
[BlackEloChange "-2"]

1. e4 {[%clk 1:30:57]} e5 {[%clk 1:30:51]} 2. Nf3 {[%clk 1:31:23]} Nc6 {[%clk
1:31:06]} 3. Nc3 {[%clk 1:31:49]} Nf6 {[%clk 1:31:11]} 4. d4 {[%clk 1:32:15]}
exd4 {[%clk 1:31:15]} 5. Nxd4 {[%clk 1:32:40]} Bb4 {[%clk 1:30:40]} 6. Nxc6
{[%clk 1:33:04]} bxc6 {[%clk 1:31:05]} 7. Bd3 {[%clk 1:33:22]} O-O {[%clk
1:31:13]} 8. O-O {[%clk 1:33:42]} Re8 {[%clk 1:28:56]} 9. Bg5 {[%clk 1:33:37]} h6
{[%clk 1:27:38]} 10. Bh4 {[%clk 1:33:54]} d5 {[%clk 1:19:53]} 11. exd5 {[%clk
1:32:42]} cxd5 {[%clk 1:18:23]} 12. Bxf6 {[%clk 1:31:17]} Qxf6 {[%clk 1:06:53]}
13. Nxd5 {[%clk 1:30:03]} Qd6 {[%clk 1:04:45]} 14. Ne3 {[%clk 0:47:21]} Qf6
{[%clk 1:01:10]} 15. Nd5 {[%clk 0:33:36]} Qd6 {[%clk 1:01:20]} 16. Nxb4 {[%clk
0:33:36]} Qxb4 {[%clk 1:01:28]} 17. Qf3 {[%clk 0:29:43]} Be6 {[%clk 0:53:58]} 18.
Qe4 {[%clk 0:24:27]} Qxe4 {[%clk 0:53:25]} 19. Bxe4 {[%clk 0:24:52]} Rab8 {[%clk
0:53:17]} 20. b3 {[%clk 0:23:28]} Bxb3 {[%clk 0:50:03]} 21. axb3 {[%clk 0:23:40]}
Rxe4 {[%clk 0:50:28]} 22. Rxa7 {[%clk 0:24:02]} c6 {[%clk 0:49:19]} 23. Ra5
{[%clk 0:22:39]} Rb5 {[%clk 0:47:15]} 24. Rxb5 {[%clk 0:20:48]} cxb5 {[%clk
0:47:40]} 25. Rc1 {[%clk 0:20:46]} b4 {[%clk 0:45:49]} 26. Kf1 {[%clk 0:19:55]}
Re5 {[%clk 0:45:14]} 27. c4 {[%clk 0:19:20]} bxc3 {[%clk 0:43:35]} 28. Rxc3
{[%clk 0:19:45]} Kf8 {[%clk 0:42:31]} 29. Re3 {[%clk 0:14:45]} Ra5 {[%clk
0:41:15]} 30. Ke2 {[%clk 0:13:47]} Ra2+ {[%clk 0:41:15]} 31. Kf3 {[%clk 0:14:02]}
f5 {[%clk 0:40:45]} 32. Re2 {[%clk 0:13:42]} Ra3 {[%clk 0:40:59]} 33. Rb2 {[%clk
0:14:03]} Ke7 {[%clk 0:40:19]} 34. Ke3 {[%clk 0:14:26]} Kd6 {[%clk 0:39:33]} 35.
Kd4 {[%clk 0:14:42]} Kc6 {[%clk 0:38:26]} 36. b4 {[%clk 0:14:03]} Kb5 {[%clk
0:34:11]} 37. Ke5 {[%clk 0:13:38]} g6 {[%clk 0:34:17]} 38. h4 {[%clk 0:12:08]} h5
{[%clk 0:32:23]} 39. Kf6 {[%clk 0:11:23]} Ra6+ {[%clk 0:32:45]} 40. Kg5 {[%clk
0:11:47]} Re6 {[%clk 0:31:04]} 41. f4 {[%clk 0:09:52]} Rd6 {[%clk 0:29:28]} 42.
Kh6 {[%clk 0:09:25]} Re6 {[%clk 0:28:32]} 43. Rb3 {[%clk 0:09:33]} Re4 {[%clk
0:26:13]} 44. Rf3 {[%clk 0:09:38]} Re2 {[%clk 0:25:05]} 45. Rg3 {[%clk 0:07:30]}
Re4 {[%clk 0:25:22]} 46. Kxg6 {[%clk 0:07:52]} Rxf4 {[%clk 0:25:45]} 47. Kxh5
{[%clk 0:08:18]} Kxb4 {[%clk 0:25:46]} 48. Kg5 {[%clk 0:08:32]} Rf1 {[%clk
0:26:00]} 49. Rf3 {[%clk 0:08:22]} Rg1 {[%clk 0:25:41]} 50. g3 {[%clk 0:08:41]}
Kc5 {[%clk 0:25:30]} 51. Kxf5 {[%clk 0:08:54]} Kd6 {[%clk 0:25:48]} 52. Re3
{[%clk 0:09:10]} Rh1 {[%clk 0:25:22]} 53. Kg6 {[%clk 0:09:27]} Ra1 {[%clk
0:25:22]} 54. h5 {[%clk 0:09:27]} Kd5 {[%clk 0:24:51]} 55. h6 {[%clk 0:09:05]}
Ra6+ {[%clk 0:25:06]} 56. Kg5 {[%clk 0:09:29]} Kd4 {[%clk 0:24:49]} 57. Rf3
{[%clk 0:09:29]} 1-0

[Event "U12 Polish Youth Championship"]
[Site "chess24.com"]
[Date "2018.04.29"]
[Round "1"]
[White "Jedraszek, Pawel"]
[Black "Fiszer, Bartosz"]
[Result "0-1"]
[Board "2"]
[WhiteElo "1514"]
[WhiteCountry "POL"]
[WhiteFideId "21833710"]
[WhiteEloChange "-2"]
[BlackElo "2004"]
[BlackTitle "CM"]
[BlackCountry "POL"]
[BlackFideId "21810133"]
[BlackEloChange "2"]

1. e4 {[%clk 1:30:58]} c5 {[%clk 1:30:58]} 2. Nf3 {[%clk 1:31:22]} d6 {[%clk
1:31:23]} 3. d4 {[%clk 1:31:47]} cxd4 {[%clk 1:31:50]} 4. Nxd4 {[%clk 1:32:11]}
Nf6 {[%clk 1:32:14]} 5. Nc3 {[%clk 1:32:37]} g6 {[%clk 1:32:37]} 6. Be3 {[%clk
1:32:56]} Bg7 {[%clk 1:33:02]} 7. f3 {[%clk 1:33:15]} O-O {[%clk 1:33:26]} 8. Qd2
{[%clk 1:33:39]} Nc6 {[%clk 1:33:32]} 9. g4 {[%clk 1:33:57]} Be6 {[%clk 1:33:36]}
10. g5 {[%clk 1:30:32]} Nh5 {[%clk 1:32:58]} 11. O-O-O {[%clk 1:27:45]} Qa5
{[%clk 1:30:24]} 12. Nb3 {[%clk 1:17:30]} Bxb3 {[%clk 1:28:15]} 13. cxb3 {[%clk
1:17:44]} Nb4 {[%clk 1:17:44]} 14. Kb1 {[%clk 1:18:01]} Rfc8 {[%clk 1:17:44]} 15.
Rc1 {[%clk 1:18:01]} Qe5 {[%clk 1:17:44]} 16. f4 {[%clk 1:18:01]} Qe6 {[%clk
1:17:44]} 17. Bg2 {[%clk 1:18:01]} a5 {[%clk 1:17:44]} 18. Nd5 {[%clk 1:18:01]}
Nxd5 {[%clk 1:17:44]} 19. Qxd5 {[%clk 1:18:01]} Qg4 {[%clk 1:17:44]} 20. Rxc8+
{[%clk 1:18:01]} Rxc8 {[%clk 1:17:44]} 21. Qxb7 {[%clk 1:18:01]} Rc2 {[%clk
1:17:44]} 22. Qa8+ {[%clk 1:18:01]} Bf8 {[%clk 1:17:44]} 23. Kxc2 {[%clk
1:18:01]} Qxg2+ {[%clk 1:17:44]} 24. Kd3 {[%clk 1:18:01]} Qxh1 {[%clk 1:17:44]}
25. Qxa5 {[%clk 1:18:01]} Qb1+ {[%clk 1:17:44]} 26. Kc3 {[%clk 1:18:01]} Bg7+
{[%clk 1:17:44]} 27. Kd2 {[%clk 1:18:01]} Qxb2+ {[%clk 1:17:44]} 28. Kd1 {[%clk
1:18:01]} Qb1+ {[%clk 1:17:44]} 29. Kd2 {[%clk 1:18:01]} Qxe4 {[%clk 1:17:44]}
30. b4 {[%clk 1:18:01]} Nxf4 {[%clk 1:17:44]} 31. Bxf4 {[%clk 1:18:01]} Qxf4+
{[%clk 1:17:44]} 32. Kc2 {[%clk 1:18:01]} Qc4+ {[%clk 1:17:44]} 33. Kd1 {[%clk
1:18:01]} Qd3+ {[%clk 1:17:44]} 34. Kc1 {[%clk 1:18:01]} Bc3 {[%clk 1:17:44]} 35.
Qa8+ {[%clk 1:18:01]} Kg7 {[%clk 1:17:44]} 36. Qg2 {[%clk 1:18:01]} Bxb4 {[%clk
1:17:44]} 37. Qc2 {[%clk 1:18:01]} Ba3+ {[%clk 1:17:44]} 38. Qb2+ {[%clk
1:18:01]} Qc3+ {[%clk 1:17:44]} 39. Kd1 {[%clk 1:18:01]} Bxb2 {[%clk 1:17:44]}
40. a4 {[%clk 1:18:01]} Bc1 {[%clk 1:17:44]} 41. Ke2 {[%clk 1:18:01]} Qe3+ {[%clk
1:17:44]} 42. Kf1 {[%clk 1:18:01]} Qd2 {[%clk 1:17:44]} 43. a5 {[%clk 1:18:01]}
Bb2 {[%clk 1:17:44]} 44. a6 {[%clk 1:18:01]} Bd4 {[%clk 1:17:44]} 45. a7 {[%clk
1:18:01]} Qf2# {[%clk 1:17:44]} 0-1

[Event "U12 Polish Youth Championship"]
[Site "chess24.com"]
[Date "2018.04.29"]
[Round "1"]
[White "Klimkowski, Jan"]
[Black "Nowicki, Filip"]
[Result "1-0"]
[Board "3"]
[WhiteElo "1836"]
[WhiteCountry "POL"]
[WhiteFideId "21856222"]
[WhiteEloChange "3"]
[BlackElo "1511"]
[BlackCountry "POL"]
[BlackFideId "21835993"]
[BlackEloChange "-3"]

1. e4 {[%clk 1:30:58]} c5 {[%clk 1:30:53]} 2. Nf3 {[%clk 1:31:22]} e6 {[%clk
1:31:17]} 3. d4 {[%clk 1:31:47]} cxd4 {[%clk 1:31:41]} 4. Nxd4 {[%clk 1:32:12]}
Nf6 {[%clk 1:32:01]} 5. Nc3 {[%clk 1:32:31]} Nc6 {[%clk 1:32:23]} 6. Nxc6 {[%clk
1:32:27]} bxc6 {[%clk 1:32:47]} 7. e5 {[%clk 1:31:52]} Nd5 {[%clk 1:33:11]} 8.
Ne4 {[%clk 1:31:40]} Qc7 {[%clk 1:31:53]} 9. f4 {[%clk 1:31:54]} Qb6 {[%clk
1:28:57]} 10. c4 {[%clk 1:31:09]} Bb4+ {[%clk 1:29:18]} 11. Ke2 {[%clk 1:31:11]}
Ba6 {[%clk 1:25:05]} 12. Kf3 {[%clk 1:31:28]} f5 {[%clk 1:21:44]} 13. exf6 {[%clk
1:30:44]} Nxf6 {[%clk 1:21:14]} 14. Be3 {[%clk 1:24:36]} c5 {[%clk 1:11:26]} 15.
Nxf6+ {[%clk 1:19:32]} gxf6 {[%clk 1:11:35]} 16. a3 {[%clk 1:19:01]} Ba5 {[%clk
1:08:18]} 17. b4 {[%clk 1:18:53]} Qc6+ {[%clk 1:06:13]} 18. Kf2 {[%clk 1:19:03]}
cxb4 {[%clk 1:05:09]} 19. axb4 {[%clk 1:19:27]} Bxb4 {[%clk 1:02:23]} 20. Qa4
{[%clk 1:19:22]} Bb7 {[%clk 0:42:48]} 21. Qxb4 {[%clk 1:18:47]} Rg8 {[%clk
0:42:32]} 22. Rg1 {[%clk 1:18:01]} a6 {[%clk 0:40:27]} 23. Rd1 {[%clk 1:17:09]}
Rg6 {[%clk 0:37:50]} 24. Qd6 {[%clk 1:16:31]} Qxd6 {[%clk 0:37:45]} 25. Rxd6
{[%clk 1:16:55]} Ke7 {[%clk 0:37:15]} 26. Bc5 {[%clk 1:16:53]} Rc8 {[%clk
0:36:45]} 27. Ba3 {[%clk 1:17:05]} Ke8 {[%clk 0:35:36]} 28. Bd3 {[%clk 1:16:28]}
Rg7 {[%clk 0:35:37]} 29. g4 {[%clk 1:16:09]} Bc6 {[%clk 0:34:28]} 30. f5 {[%clk
1:15:45]} exf5 {[%clk 0:34:23]} 31. Rxf6 {[%clk 1:16:05]} Rg8 {[%clk 0:33:00]}
32. Bxf5 {[%clk 1:15:39]} 1-0

[Event "U12 Polish Youth Championship"]
[Site "chess24.com"]
[Date "2018.04.29"]
[Round "1"]
[White "Taranowicz, Michal"]
[Black "Paprocki, Antoni"]
[Result "0-1"]
[Board "4"]
[WhiteElo "1487"]
[WhiteCountry "POL"]
[WhiteFideId "21859191"]
[WhiteEloChange "-3"]
[BlackElo "1808"]
[BlackCountry "POL"]
[BlackFideId "21833745"]
[BlackEloChange "3"]

1. e4 {[%clk 1:30:58]} c5 {[%clk 1:30:48]} 2. Nf3 {[%clk 1:31:25]} d6 {[%clk
1:30:57]} 3. d4 {[%clk 1:31:50]} cxd4 {[%clk 1:31:16]} 4. Nxd4 {[%clk 1:32:19]}
Nf6 {[%clk 1:31:34]} 5. Nc3 {[%clk 1:32:41]} a6 {[%clk 1:31:19]} 6. Be3 {[%clk
1:32:03]} e5 {[%clk 1:31:11]} 7. Nb3 {[%clk 1:32:03]} Be6 {[%clk 1:30:50]} 8. Be2
{[%clk 1:31:58]} Be7 {[%clk 1:30:07]} 9. O-O {[%clk 1:32:10]} O-O {[%clk
1:29:44]} 10. f3 {[%clk 1:31:06]} b5 {[%clk 1:24:20]} 11. Qd2 {[%clk 1:26:20]}
Qc7 {[%clk 1:20:23]} 12. Rfd1 {[%clk 1:22:16]} Nbd7 {[%clk 1:16:32]} 13. a3
{[%clk 1:20:40]} Rac8 {[%clk 1:13:35]} 14. Nc1 {[%clk 1:05:25]} Nb6 {[%clk
1:11:30]} 15. N1a2 {[%clk 1:01:38]} d5 {[%clk 1:07:56]} 16. Nb4 {[%clk 0:37:27]}
Bxb4 {[%clk 1:02:13]} 17. axb4 {[%clk 0:35:34]} d4 {[%clk 1:01:27]} 18. Rxa6
{[%clk 0:32:02]} dxc3 {[%clk 1:00:14]} 19. bxc3 {[%clk 0:25:12]} Nc4 {[%clk
0:58:18]} 20. Bxc4 {[%clk 0:25:09]} Bxc4 {[%clk 0:56:44]} 21. Rd6 {[%clk
0:19:16]} Be6 {[%clk 0:54:21]} 22. Bc5 {[%clk 0:16:35]} Rfe8 {[%clk 0:54:04]} 23.
Qd3 {[%clk 0:12:24]} Nd7 {[%clk 0:48:45]} 24. Rxe6 {[%clk 0:09:45]} Rxe6 {[%clk
0:42:44]} 25. Qxd7 {[%clk 0:09:56]} Qxd7 {[%clk 0:42:10]} 26. Rxd7 {[%clk
0:10:21]} Ree8 {[%clk 0:42:19]} 27. Rb7 {[%clk 0:09:17]} Rb8 {[%clk 0:42:30]} 28.
Rc7 {[%clk 0:09:29]} Red8 {[%clk 0:42:17]} 29. h3 {[%clk 0:08:28]} Rd2 {[%clk
0:42:19]} 30. Rc6 {[%clk 0:07:08]} f6 {[%clk 0:42:00]} 31. Kh2 {[%clk 0:05:46]}
Rxc2 {[%clk 0:41:50]} 32. Bb6 {[%clk 0:05:38]} Rb7 {[%clk 0:38:13]} 33. Bc5
{[%clk 0:04:15]} Rd7 {[%clk 0:37:13]} 34. Rc8+ {[%clk 0:04:26]} Kf7 {[%clk
0:37:16]} 35. Rf8+ {[%clk 0:04:48]} Kg6 {[%clk 0:37:21]} 36. h4 {[%clk 0:02:47]}
Rdd2 {[%clk 0:37:30]} 37. Be3 {[%clk 0:01:15]} Rxg2+ {[%clk 0:37:46]} 38. Kh1
{[%clk 0:01:22]} Rge2 {[%clk 0:37:52]} 39. Bg1 {[%clk 0:00:41]} Rc1 {[%clk
0:38:02]} 40. f4 {[%clk 0:00:37]} exf4 {[%clk 0:37:57]} 41. c4 {[%clk 0:00:39]}
Ree1 {[%clk 0:38:16]} 42. c5 {[%clk 0:00:39]} 0-1

[Event "U12 Polish Youth Championship"]
[Site "chess24.com"]
[Date "2018.04.29"]
[Round "1"]
[White "Dziewonski, Dariusz"]
[Black "Nowak, Filip"]
[Result "1/2-1/2"]
[Board "5"]
[WhiteElo "1805"]
[WhiteCountry "POL"]
[WhiteFideId "21835829"]
[WhiteEloChange "-7"]
[BlackElo "1475"]
[BlackCountry "POL"]
[BlackFideId "21817030"]
[BlackEloChange "7"]

1. e4 {[%clk 1:30:45]} c5 {[%clk 1:30:33]} 2. Nf3 {[%clk 1:31:04]} e6 {[%clk
1:30:38]} 3. d4 {[%clk 1:31:25]} cxd4 {[%clk 1:30:48]} 4. Nxd4 {[%clk 1:31:49]}
Nf6 {[%clk 1:30:45]} 5. Nc3 {[%clk 1:32:13]} d6 {[%clk 1:30:53]} 6. Be2 {[%clk
1:27:38]} Be7 {[%clk 1:30:14]} 7. O-O {[%clk 1:26:16]} O-O {[%clk 1:28:42]} 8.
Be3 {[%clk 1:24:02]} a6 {[%clk 1:25:27]} 9. a4 {[%clk 1:22:06]} Nc6 {[%clk
1:23:29]} 10. Nxc6 {[%clk 1:14:03]} bxc6 {[%clk 1:23:27]} 11. a5 {[%clk 1:13:23]}
Nd7 {[%clk 1:19:28]} 12. Qd2 {[%clk 1:11:01]} d5 {[%clk 1:17:44]} 13. exd5 {[%clk
1:08:47]} cxd5 {[%clk 1:17:38]} 14. Na4 {[%clk 1:05:49]} Bd6 {[%clk 1:05:07]} 15.
Nb6 {[%clk 1:03:21]} Nxb6 {[%clk 1:04:01]} 16. Bxb6 {[%clk 1:03:43]} Bc7 {[%clk
1:01:45]} 17. Bxc7 {[%clk 0:59:37]} Qxc7 {[%clk 1:02:07]} 18. Rfc1 {[%clk
0:59:32]} Rd8 {[%clk 0:54:12]} 19. c4 {[%clk 0:51:15]} Rb8 {[%clk 0:43:01]} 20.
c5 {[%clk 0:45:17]} Qc6 {[%clk 0:39:16]} 21. b4 {[%clk 0:43:10]} Bd7 {[%clk
0:38:05]} 22. Rab1 {[%clk 0:41:38]} Rb7 {[%clk 0:36:19]} 23. Qd3 {[%clk 0:38:42]}
Ra8 {[%clk 0:31:35]} 24. Qd4 {[%clk 0:33:26]} Be8 {[%clk 0:25:27]} 25. Rc3 {[%clk
0:30:29]} f6 {[%clk 0:21:13]} 26. f4 {[%clk 0:26:05]} Bg6 {[%clk 0:20:09]} 27.
Bd3 {[%clk 0:23:16]} Bxd3 {[%clk 0:18:37]} 28. Rxd3 {[%clk 0:22:27]} Rd8 {[%clk
0:17:18]} 29. Rg3 {[%clk 0:21:05]} Rf8 {[%clk 0:15:19]} 30. Re3 {[%clk 0:20:17]}
Rb5 {[%clk 0:13:42]} 31. Qd3 {[%clk 0:15:30]} Re8 {[%clk 0:08:57]} 32. Qd4 {[%clk
0:14:27]} Re7 {[%clk 0:08:31]} 33. Rd1 {[%clk 0:12:23]} Reb7 {[%clk 0:05:07]} 34.
Rb3 {[%clk 0:09:00]} Rd7 {[%clk 0:05:19]} 35. h3 {[%clk 0:08:09]} Rd8 {[%clk
0:05:14]} 36. Re1 {[%clk 0:06:56]} Rdb8 {[%clk 0:04:46]} 37. Reb1 {[%clk
0:05:55]} R8b7 {[%clk 0:05:02]} 38. Kh1 {[%clk 0:05:24]} 1/2-1/2

[Event "U12 Polish Youth Championship"]
[Site "chess24.com"]
[Date "2018.04.29"]
[Round "1"]
[White "Doskocz, Karol"]
[Black "Wojdak, Jan"]
[Result "0-1"]
[Board "6"]
[WhiteElo "1467"]
[WhiteCountry "POL"]
[WhiteFideId "21835802"]
[WhiteEloChange "-3"]
[BlackElo "1795"]
[BlackCountry "POL"]
[BlackFideId "21817111"]
[BlackEloChange "3"]

1. e4 {[%clk 1:30:47]} c5 {[%clk 1:30:56]} 2. Nf3 {[%clk 1:30:41]} Nc6 {[%clk
1:31:21]} 3. d4 {[%clk 1:30:53]} cxd4 {[%clk 1:31:46]} 4. Nxd4 {[%clk 1:30:56]}
g6 {[%clk 1:30:40]} 5. Nc3 {[%clk 1:29:36]} Bg7 {[%clk 1:30:32]} 6. Be3 {[%clk
1:27:33]} d6 {[%clk 1:30:15]} 7. Be2 {[%clk 1:21:03]} Nf6 {[%clk 1:29:55]} 8. f3
{[%clk 1:18:22]} O-O {[%clk 1:15:23]} 9. Qd2 {[%clk 1:17:14]} a6 {[%clk 1:09:45]}
10. O-O-O {[%clk 1:13:15]} Qc7 {[%clk 1:08:57]} 11. g4 {[%clk 1:09:57]} Nxd4
{[%clk 1:06:39]} 12. Bxd4 {[%clk 1:10:10]} Be6 {[%clk 1:06:00]} 13. h4 {[%clk
1:01:53]} b5 {[%clk 1:04:03]} 14. a3 {[%clk 0:44:39]} Rfb8 {[%clk 1:01:36]} 15.
h5 {[%clk 0:43:46]} b4 {[%clk 0:58:32]} 16. axb4 {[%clk 0:44:02]} Rxb4 {[%clk
0:57:07]} 17. hxg6 {[%clk 0:43:37]} fxg6 {[%clk 0:56:42]} 18. Bxf6 {[%clk
0:43:07]} Bxf6 {[%clk 0:53:17]} 19. Qh6 {[%clk 0:38:41]} Bxc3 {[%clk 0:38:45]}
20. bxc3 {[%clk 0:37:28]} Qxc3 {[%clk 0:37:00]} 21. Qxh7+ {[%clk 0:36:37]} Kf8
{[%clk 0:37:27]} 22. Qh8+ {[%clk 0:34:43]} Qxh8 {[%clk 0:37:52]} 23. Rxh8+ {[%clk
0:34:51]} Bg8 {[%clk 0:38:16]} 24. Kd2 {[%clk 0:34:24]} a5 {[%clk 0:29:16]} 25.
Rdh1 {[%clk 0:30:25]} a4 {[%clk 0:27:48]} 26. c3 {[%clk 0:29:22]} Rb2+ {[%clk
0:28:04]} 27. Ke3 {[%clk 0:29:37]} Rc8 {[%clk 0:27:46]} 28. Kd3 {[%clk 0:27:30]}
a3 {[%clk 0:24:10]} 29. Ra1 {[%clk 0:27:22]} a2 {[%clk 0:24:15]} 30. f4 {[%clk
0:26:01]} Kg7 {[%clk 0:24:25]} 31. Rh2 {[%clk 0:26:14]} e5 {[%clk 0:14:22]} 32.
f5 {[%clk 0:25:42]} g5 {[%clk 0:14:08]} 33. Rg2 {[%clk 0:23:29]} Rb3 {[%clk
0:10:16]} 34. Kd2 {[%clk 0:23:10]} Rbxc3 {[%clk 0:10:31]} 35. Rgg1 {[%clk
0:23:33]} Rc2+ {[%clk 0:10:15]} 36. Ke3 {[%clk 0:23:53]} R8c3+ {[%clk 0:09:33]}
37. Kf2 {[%clk 0:24:02]} Rb3 {[%clk 0:09:07]} 38. Rge1 {[%clk 0:24:08]} Bc4
{[%clk 0:09:16]} 39. Kf1 {[%clk 0:24:19]} Rxe2 {[%clk 0:09:08]} 40. Rxe2 {[%clk
0:24:32]} Rb1+ {[%clk 0:09:34]} 0-1

[Event "U12 Polish Youth Championship"]
[Site "chess24.com"]
[Date "2018.04.29"]
[Round "1"]
[White "Wieczorek, Mikolaj"]
[Black "Kycia, Marek"]
[Result "1-0"]
[Board "7"]
[WhiteElo "1761"]
[WhiteCountry "POL"]
[WhiteFideId "21827702"]
[WhiteEloChange "3"]
[BlackElo "1460"]
[BlackCountry "POL"]
[BlackFideId "21863580"]
[BlackEloChange "-3"]

1. e4 {[%clk 1:30:54]} d5 {[%clk 1:30:55]} 2. exd5 {[%clk 1:31:20]} Nf6 {[%clk
1:31:20]} 3. d4 {[%clk 1:31:46]} Nxd5 {[%clk 1:31:43]} 4. Nf3 {[%clk 1:32:03]}
Bg4 {[%clk 1:31:59]} 5. c4 {[%clk 1:32:25]} Nb6 {[%clk 1:32:18]} 6. c5 {[%clk
1:32:44]} N6d7 {[%clk 1:32:05]} 7. Bc4 {[%clk 1:33:07]} e6 {[%clk 1:32:24]} 8.
Nc3 {[%clk 1:33:27]} Be7 {[%clk 1:32:27]} 9. Be3 {[%clk 1:33:51]} O-O {[%clk
1:32:38]} 10. h3 {[%clk 1:34:19]} Bh5 {[%clk 1:32:55]} 11. g4 {[%clk 1:34:46]}
Bg6 {[%clk 1:32:06]} 12. h4 {[%clk 1:34:37]} h5 {[%clk 1:26:05]} 13. Ng5 {[%clk
1:34:53]} Nf6 {[%clk 1:18:19]} 14. gxh5 {[%clk 1:35:15]} Bxh5 {[%clk 1:14:16]}
15. Be2 {[%clk 1:35:38]} g6 {[%clk 1:11:04]} 16. Bxh5 {[%clk 1:33:55]} Nxh5
{[%clk 1:10:44]} 17. Rg1 {[%clk 1:34:15]} Qd7 {[%clk 1:03:33]} 18. Nxe6 {[%clk
1:29:46]} Qxe6 {[%clk 1:00:12]} 19. Qxh5 {[%clk 1:29:50]} Bf6 {[%clk 0:54:35]}
20. Qd5 {[%clk 1:29:21]} Qc6 {[%clk 0:47:40]} 21. Rxg6+ {[%clk 1:29:39]} 1-0

[Event "U12 Polish Youth Championship"]
[Site "chess24.com"]
[Date "2018.04.29"]
[Round "1"]
[White "Pazdzierz, Piotr"]
[Black "Wnek, Filip"]
[Result "0-1"]
[Board "8"]
[WhiteElo "1440"]
[WhiteCountry "POL"]
[WhiteFideId "21810419"]
[WhiteEloChange "-3"]
[BlackElo "1760"]
[BlackCountry "POL"]
[BlackFideId "21833281"]
[BlackEloChange "3"]

1. e4 {[%clk 1:30:57]} e5 {[%clk 1:29:36]} 2. Nf3 {[%clk 1:31:11]} Nc6 {[%clk
1:27:57]} 3. d4 {[%clk 1:31:15]} exd4 {[%clk 1:27:33]} 4. Nxd4 {[%clk 1:31:20]}
Nf6 {[%clk 1:26:52]} 5. Nxc6 {[%clk 1:25:30]} bxc6 {[%clk 1:24:38]} 6. Bg5 {[%clk
1:15:07]} Be7 {[%clk 1:22:10]} 7. f3 {[%clk 1:03:51]} O-O {[%clk 1:10:48]} 8. Be2
{[%clk 1:01:05]} d5 {[%clk 1:08:35]} 9. e5 {[%clk 0:56:42]} Nd7 {[%clk 1:04:30]}
10. Bf4 {[%clk 0:52:40]} Bg5 {[%clk 0:56:48]} 11. Bg3 {[%clk 0:51:14]} Be3 {[%clk
0:53:44]} 12. f4 {[%clk 0:33:32]} Rb8 {[%clk 0:50:34]} 13. Qd3 {[%clk 0:32:21]}
d4 {[%clk 0:48:42]} 14. Qa3 {[%clk 0:26:53]} Nb6 {[%clk 0:38:19]} 15. Nd2 {[%clk
0:17:31]} Bxd2+ {[%clk 0:38:43]} 16. Kxd2 {[%clk 0:17:49]} d3 {[%clk 0:38:55]}
17. Qxd3 {[%clk 0:17:18]} Qe7 {[%clk 0:37:01]} 18. Kc1 {[%clk 0:14:49]} Na4
{[%clk 0:32:44]} 19. Rb1 {[%clk 0:12:31]} Be6 {[%clk 0:31:53]} 20. c4 {[%clk
0:11:12]} Rfd8 {[%clk 0:28:10]} 21. Qc2 {[%clk 0:10:49]} Qc5 {[%clk 0:26:56]} 22.
Rd1 {[%clk 0:02:45]} Qe3+ {[%clk 0:27:11]} 23. Rd2 {[%clk 0:02:46]} Bf5 {[%clk
0:25:30]} 24. Qd1 {[%clk 0:00:43]} Qc3+ {[%clk 0:20:44]} 0-1

[Event "U12 Polish Youth Championship"]
[Site "chess24.com"]
[Date "2018.04.29"]
[Round "1"]
[White "Jeda, Maciej"]
[Black "Jarocki, Gabriel"]
[Result "1-0"]
[Board "9"]
[WhiteElo "1751"]
[WhiteCountry "POL"]
[WhiteFideId "21857679"]
[WhiteEloChange "3"]
[BlackElo "1427"]
[BlackCountry "POL"]
[BlackFideId "21852871"]
[BlackEloChange "-3"]

1. e4 {[%clk 1:30:58]} c6 {[%clk 1:30:52]} 2. d4 {[%clk 1:31:24]} d5 {[%clk
1:31:15]} 3. Nc3 {[%clk 1:31:48]} dxe4 {[%clk 1:31:30]} 4. Nxe4 {[%clk 1:32:13]}
Nf6 {[%clk 1:31:37]} 5. Ng3 {[%clk 1:32:17]} Na6 {[%clk 1:31:54]} 6. Nf3 {[%clk
1:31:16]} Nc7 {[%clk 1:32:11]} 7. Bd3 {[%clk 1:29:02]} Bg4 {[%clk 1:32:22]} 8. c3
{[%clk 1:29:21]} e6 {[%clk 1:32:28]} 9. h3 {[%clk 1:28:59]} Bxf3 {[%clk 1:32:25]}
10. Qxf3 {[%clk 1:29:21]} Bd6 {[%clk 1:31:14]} 11. O-O {[%clk 1:29:05]} O-O
{[%clk 1:31:22]} 12. Re1 {[%clk 1:15:01]} Qd7 {[%clk 1:30:17]} 13. Bg5 {[%clk
1:08:51]} Nce8 {[%clk 1:29:48]} 14. Rad1 {[%clk 0:59:59]} Qc7 {[%clk 1:29:39]}
15. Ne4 {[%clk 0:59:20]} Nxe4 {[%clk 1:29:19]} 16. Qxe4 {[%clk 0:59:39]} g6
{[%clk 1:29:39]} 17. Bc4 {[%clk 0:56:17]} Ng7 {[%clk 1:29:40]} 18. Bh6 {[%clk
0:52:53]} Rfe8 {[%clk 1:29:47]} 19. Bxg7 {[%clk 0:51:44]} Kxg7 {[%clk 1:30:03]}
20. Bb3 {[%clk 0:50:49]} Kg8 {[%clk 1:28:43]} 21. Qe3 {[%clk 0:49:53]} Bf4 {[%clk
1:28:48]} 22. Qf3 {[%clk 0:50:01]} Bh6 {[%clk 1:28:58]} 23. Re4 {[%clk 0:49:37]}
Bg7 {[%clk 1:29:05]} 24. h4 {[%clk 0:48:36]} h6 {[%clk 1:26:42]} 25. Qh3 {[%clk
0:46:20]} Qd6 {[%clk 1:23:49]} 26. Rde1 {[%clk 0:45:00]} a5 {[%clk 1:23:38]} 27.
a3 {[%clk 0:44:55]} b5 {[%clk 1:23:39]} 28. f4 {[%clk 0:43:07]} b4 {[%clk
1:23:50]} 29. h5 {[%clk 0:42:20]} gxh5 {[%clk 1:23:06]} 30. f5 {[%clk 0:42:31]}
bxc3 {[%clk 1:21:52]} 31. fxe6 {[%clk 0:41:45]} Bxd4+ {[%clk 1:22:10]} 32. Kh1
{[%clk 0:42:01]} f5 {[%clk 1:21:37]} 33. Qxf5 {[%clk 0:41:40]} Bg7 {[%clk
1:21:46]} 34. e7+ {[%clk 0:37:22]} Kh8 {[%clk 1:22:07]} 35. Bc2 {[%clk 0:35:49]}
Qd5 {[%clk 1:20:27]} 36. Re5 {[%clk 0:33:09]} Qg8 {[%clk 1:20:41]} 37. Re6 {[%clk
0:33:18]} Ra7 {[%clk 1:20:20]} 38. Qxh5 {[%clk 0:33:21]} Qxe6 {[%clk 1:19:15]}
39. Qxe8+ {[%clk 0:33:25]} Qg8 {[%clk 1:19:32]} 40. Qxg8+ {[%clk 0:33:50]} Kxg8
{[%clk 1:19:56]} 41. e8Q+ {[%clk 0:34:09]} Bf8 {[%clk 1:20:01]} 42. Qg6+ {[%clk
0:34:04]} Rg7 {[%clk 1:20:18]} 43. Qe6+ {[%clk 0:34:14]} Kh8 {[%clk 1:20:31]} 44.
Qxh6+ {[%clk 0:34:38]} Kg8 {[%clk 1:20:54]} 45. Bb3+ {[%clk 0:34:54]} Rf7 {[%clk
1:21:12]} 46. Bxf7+ {[%clk 0:35:17]} Kxf7 {[%clk 1:21:29]} 47. Rf1+ {[%clk
0:35:42]} Ke7 {[%clk 1:21:51]} 48. Qxf8+ {[%clk 0:36:06]} Ke6 {[%clk 1:22:14]}
49. Re1+ {[%clk 0:36:26]} Kd5 {[%clk 1:22:43]} 50. bxc3 {[%clk 0:36:20]} c5
{[%clk 1:23:06]} 51. Qf7+ {[%clk 0:36:38]} Kd6 {[%clk 1:23:30]} 52. Rd1+ {[%clk
0:36:52]} Kc6 {[%clk 1:23:50]} 53. c4 {[%clk 0:37:10]} Kb6 {[%clk 1:24:13]} 54.
Rd6# {[%clk 0:37:34]} 1-0